000 01491nam a22002057a 4500
003 OSt
005 20210303150011.0
008 210303s1971 ck ||||gr|||| 00| 0 spa d
040 _aCO-JMCR
_cCO-JMCR
041 0 _aspa
082 0 4 _a338.17373 /
_bN677c1
_223
100 1 _aNieto Arteta, Luis Eduardo,
_eautor
_97487
245 1 3 _aEl café en la sociedad colombiana /
_cLuis Eduardo Nieto Arteta
260 _aBogotá :
_bEdiciones La Soga al Cuello,
_cimpresión 1971
300 _a92 páginas ;
_c17 cm.
505 0 _aLos hechos -- La formación de la economía nacional -- La estabilidad -- La dirección política -- Humanistas, poetas y empresarios -- Las dos colombias -- La sociedad contra el estado -- Nueva vida y nuevos hombres -- Todavía una conciencia colonial
520 3 _aLuis Eduardo Nieto Arteta es un precursor. Su trabajo abrió caminos a la investigación científica de la historia colombiana. El ensayo que presentamos estudia el papel que la economía del café representó en el salto del país a la industrialización y en la transformación de la formación social colombiana con todo lo que esto implica en cambios de la economía, de la ideología, de las funciones del Estado, etc. El mérito de este ensayo, además de en su carácter de pionero, radica en la lucidez para ver la coherencia de los cambios ocurridos en las distintas estructuras y en su claridad para mostrarla.
650 1 4 _aCafé
_xaspectos económicos
_zColombia
_912074
942 _2ddc
_cBK
999 _c7429
_d7429